000 00434nam a2200205Ia 4500
001 001152
003 YMCAF
005 20230512160049.0
008 100717s1971 ||||||||||||||||| ||und|d
024 _a1152
035 _a1134
040 _aYMCAF
_beng
_cIN-KoLT
041 _aeng
082 _aMOD-SUF
100 _aSUFFA ELWOOD S.
245 0 _aMODERN PRODUCTION MANAGEMENT
260 _c1971
300 _a295
942 _2ddc
_cBK
999 _c928
_d928